000 00518nam a22001817a 4500
005 20160621112810.0
010 _aENG-115166
020 _a9789385288647
_c399.00
035 _aEN-98698
037 _bDBAD/PUB
082 _aS
100 _aHansda Sowvendra Shekhar
245 _aThe Adivasi will not dance /
_cby Hansda Sowvendra Shekhar
260 _aNew Delhi
_bSpeaking Tiger
_c2015
270 _a4381/4, Ansari Road, Daryaganj,
_bNew Delhi
_e110002
300 _a189p.
_c20cm(Hb)
942 _2ddc
_cEN
_mHAN
_hS
999 _c100092
_d100092